00535nam a2200157 a 450000100100000000500170001000800410002704000250006811000500009324500570014326000260020030000200022604900090024695201050025599900170036000002797420210920145801.0110406s1983 dr 000 0 spa d aDO-SdBNPbspacBNPHU2 aPartido de la Liberación Dominicana 93194310aEstatutos. /cPartido de la liberación dominicana. aSanto Domingo,c1983. a20 p. ;c14 cm. aBNPD 0010718PDaPDbPDcCTd2011-04-06iLF1l0o p27974-10r2020-06-25w2020-06-25yLFPDZNo se presta c27466d27466